Pharmaceutical Organic Chemistry / (رقم التسجيلة. 31268)
[ عرض عادي ]
| 000 -الفاتح | |
|---|---|
| حقل البيانات ثابتة الطول | 00544nam a2200205 a 4500 |
| 001 - رقم الضبط | |
| رقم الضبط | ASIN8177543148 |
| 003 - محدد رقم الضبط | |
| رقم الضبط | OSt |
| 005 - وقت وتاريخ اخر تعامل مع التسجيلة | |
| رقم الضبط | 20150408114142.0 |
| 008 - عناصر البيانات ثابتة الطول - معلومات عامة | |
| حقل البيانات ثابتة الطول | 130928s2010 xxu eng d |
| 020 ## - الرقم الدولى المعيارى للكتب | |
| الرقم الدولى المعيارى للكتاب | 9788174733931 |
| 040 ## - مصدر الفهرسة | |
| وكالة الفهرسة الأصلية | Ma-Un |
| 082 ## - رقم تصنيف ديوى العشرى | |
| رقم الطبعة | 22 |
| رقم التصنيف | 615.4 |
| 100 1# - المدخل الرئيسى - إسم شخصى | |
| الإسم الشخصى | Dharuman, J. |
| 9 (RLIN) | 37514 |
| 245 10 - بيان العنوان | |
| العنوان | Pharmaceutical Organic Chemistry / |
| بيان المسئوليه,etc | J. Dharuman |
| 260 ## - PUBLICATION, DISTRIBUTION, ETC. (IMPRINT) | |
| مكان الناشر او الموزع | New Delhi : |
| اسم الناشر او الموزع | A.I.T.B.S, |
| تاريخ النشر أو التوزيع | 2010 |
| 300 ## - الوصف المادى | |
| التعداد | 265 P. |
| أبعاد الوعاء | 24 cm |
| 650 ## - المدخل الاضافى بالموضوع-مصطلح موضوعى | |
| مصطلح موضوعي أو اسم جغرافي كعنصر مدخل | Pharmaceutical chemistry |
| 9 (RLIN) | 5548 |
| 650 ## - المدخل الاضافى بالموضوع-مصطلح موضوعى | |
| مصطلح موضوعي أو اسم جغرافي كعنصر مدخل | Chemistry, Organic |
| 942 ## - عناصر المدخل الإضافي( كوها) | |
| مصدر التصنيف او مخطط الترفيف | Dewey Decimal Classification |
| Koha [default] item type | كتاب |
| حالة الفقد | نموذج السعر الفعال | حالة تلف | ليس للاعارة | رقم الطلب | رقم النسخة | تاريخ الاكتساب | الموقع الحالي | الباركود | الفرع الرئيسي | Date last seen | نوع المادة فى نظام كوها | مصدر التصنيف او خطة الترفيف | Total Checkouts |
|---|---|---|---|---|---|---|---|---|---|---|---|---|---|
| 2013-10-17 | 615.4 DJP | n1 | 2013-10-17 | المكتبة المركزية بالمجمعة (CL) | 00451030 | المكتبة المركزية بالمجمعة (CL) | 2013-10-17 | كتاب | Dewey Decimal Classification | ||||
| 2013-10-17 | 615.4 DJP | n2 | 2013-10-17 | المكتبة المركزية بالمجمعة (CL) | 00451034 | المكتبة المركزية بالمجمعة (CL) | 2013-10-17 | كتاب | Dewey Decimal Classification | ||||
| 2013-10-17 | Not For Loan | 615.4 DJP | n3 | 2013-10-17 | المكتبة المركزية بالمجمعة (CL) | 00451032 | المكتبة المركزية بالمجمعة (CL) | 2013-10-17 | كتاب | Dewey Decimal Classification | |||
| 2013-10-17 | 615.4 DJP | n1 | 2013-10-17 | مكتبة مجمع الكليات بالزلفى - طلاب (SZM) | 00451035 | مكتبة مجمع الكليات بالزلفى - طلاب (SZM) | 2013-10-17 | كتاب | Dewey Decimal Classification | ||||
| 2013-10-17 | 615.4 DJP | n2 | 2013-10-17 | مكتبة مجمع الكليات بالزلفى - طلاب (SZM) | 00451033 | مكتبة مجمع الكليات بالزلفى - طلاب (SZM) | 2013-10-17 | كتاب | Dewey Decimal Classification | ||||
| 2013-10-17 | Not For Loan | 615.4 DJP | n3 | 2013-10-17 | مكتبة مجمع الكليات بالزلفى - طلاب (SZM) | 00451031 | مكتبة مجمع الكليات بالزلفى - طلاب (SZM) | 2013-10-17 | كتاب | Dewey Decimal Classification |
